[Event "Challenge"]
[Site "http://www.queenalice.com/game.php?id=1500729"]
[Date "2017.10.27"]
[Round "-"]
[White "Metralha"]
[Black "cristianodepaula"]
[Result "1-0"]
[WhiteElo "1253"]
[BlackElo "1500"]

1. e4 c5 2. Nc3 b6 3. Nd5 e6 4. Nf4 e5 5. Nd5 Bb7 6. g3 Bxd5 7. exd5 Nf6 8. Bg2
Bd6 9. d3 O-O 10. c4 Re8 11. Nf3 a5 12. O-O a4 13. b3 axb3 14. Qxb3 Na6 15. a3
e4 16. dxe4 Nxe4 17. Nh4 g5 18. Nf5 Be5 19. Ra2 Nc3 20. h4 Ne2+ 21. Rxe2 d6 22.
Bxg5 f6 23. Nh6+ Kg7 24. Nf5+ Kh8 25. Bh6 1-0

[Event "Challenge"]
[Site "http://www.queenalice.com/game.php?id=1501166"]
[Date "2017.10.30"]
[Round "-"]
[White "knight576"]
[Black "Metralha"]
[Result "1-0"]
[WhiteElo "2209"]
[BlackElo "1353"]

1. e4 e5 2. Nf3 Nc6 3. d4 Nf6 4. d5 Nd4 5. Nxd4 exd4 6. Qxd4 c5 7. dxc6 Qa5+ 8.
Bd2 Qd8 9. e5 Nd5 10. Qxd5 bxc6 11. Qe4 Be7 12. Bd3 O-O 13. Qxh7# 1-0

[Event "Challenge"]
[Site "http://www.queenalice.com/game.php?id=1501405"]
[Date "2017.10.31"]
[Round "-"]
[White "Sam94"]
[Black "Metralha"]
[Result "1-0"]
[WhiteElo "1460"]
[BlackElo "1500"]

1. d4 g6 2. e4 d5 3. Nc3 dxe4 4. Nxe4 e6 5. Bf4 Bg7 6. Nf3 Nf6 7. Qd3 Nd5 8.
Nfg5 Nxf4 9. Qf3 e5 10. Qb3 h6 11. Qxf7# 1-0

[Event "Challenge"]
[Site "http://www.queenalice.com/game.php?id=1502952"]
[Date "2017.11.10"]
[Round "-"]
[White "cristianodepaula"]
[Black "Metralha"]
[Result "0-1"]
[WhiteElo "1408"]
[BlackElo "1381"]

1. e4 e5 2. Nf3 c5 3. Nc3 Nf6 4. Nxe5 Bd6 5. Nc4 Qe7 6. Bd3 Be5 7. O-O Bxc3 8.
dxc3 d5 9. exd5 Nxd5 10. Re1 Be6 11. Bf5 g6 12. Bxe6 fxe6 13. Re5 Nd7 14. Bg5
Qg7 15. Rxe6+ Kf7 0-1

[Event "Challenge"]
[Site "http://www.queenalice.com/game.php?id=1502953"]
[Date "2017.11.10"]
[Round "-"]
[White "Metralha"]
[Black "cristianodepaula"]
[Result "1-0"]
[WhiteElo "1495"]
[BlackElo "1354"]

1. e4 c5 2. d3 b6 3. Ne2 Nc6 4. g3 Bb7 5. Bg2 Qb8 6. c3 e5 7. O-O Qc7 8. f4
O-O-O 9. Be3 Bd6 10. a3 Nf6 11. d4 exf4 12. gxf4 Ng4 13. Rf3 Nxe3 14. Rxe3 f6
15. d5 1-0

[Event "Challenge"]
[Site "http://www.queenalice.com/game.php?id=1502954"]
[Date "2017.11.10"]
[Round "-"]
[White "cristianodepaula"]
[Black "Metralha"]
[Result "0-1"]
[WhiteElo "1325"]
[BlackElo "1516"]

1. d4 d5 2. Nc3 g6 3. e4 dxe4 4. Nxe4 Bf5 5. Bd3 Bg7 6. c3 Nf6 7. Nf3 Bxe4 8.
Bxe4 Nxe4 9. O-O c6 10. Bf4 Nd7 11. Re1 f5 12. Ng5 Ndf6 13. Ne6 Qd5 14. Nc7+ Kf7
15. Nxd5 Nxd5 16. Be5 Rhf8 17. f3 Ng5 0-1

[Event "Challenge"]
[Site "http://www.queenalice.com/game.php?id=1503135"]
[Date "2017.11.12"]
[Round "-"]
[White "Metralha"]
[Black "dnptrs"]
[Result "0-1"]
[WhiteElo "1437"]
[BlackElo "2149"]

1. e4 c5 2. Nf3 e6 3. Bd3 Nc6 4. Nc3 Nf6 5. O-O Be7 6. Re1 O-O 7. e5 Ng4 8. h3
Nh6 9. b3 a6 10. Ne4 Nf5 11. Bb2 d5 0-1

[Event "Challenge"]
[Site "http://www.queenalice.com/game.php?id=1503136"]
[Date "2017.11.12"]
[Round "-"]
[White "dnptrs"]
[Black "Metralha"]
[Result "1-0"]
[WhiteElo "2123"]
[BlackElo "1437"]

1. d4 d5 2. Nf3 Bg4 3. e3 e5 4. h3 Bxf3 5. gxf3 Nc6 6. dxe5 Nxe5 7. Bg2 Ne7 8.
f4 N5g6 9. h4 c6 10. h5 Nh4 11. Rxh4 Nf5 12. Rh2 1-0

[Event "Challenge"]
[Site "http://www.queenalice.com/game.php?id=1503913"]
[Date "2017.11.17"]
[Round "-"]
[White "Juuca"]
[Black "Metralha"]
[Result "1-0"]
[WhiteElo "1253"]
[BlackElo "1353"]

1. e4 e5 2. f4 Nc6 3. Nf3 b6 4. fxe5 f6 5. Bc4 Nxe5 6. Nxe5 fxe5 7. Qh5+ g6 8.
Qxe5+ Be7 9. Qxh8 Bb7 10. Qxg8+ Bf8 11. Qf7# 1-0

[Event "XXX"]
[Site "http://www.queenalice.com/game.php?id=1504135"]
[Date "2017.11.17"]
[Round "-"]
[White "Metralha"]
[Black "Juuca"]
[Result "0-1"]
[WhiteElo "1532"]
[BlackElo "1280"]

1. e4 e6 2. d4 d5 3. e5 c5 4. Nf3 Nc6 5. g3 cxd4 6. Nxd4 Nxe5 7. Bf4 Ng6 8. Be3
Nf6 9. Bb5+ Bd7 10. f4 a6 11. Be2 Ne4 12. Nd2 Nxd2 13. Qxd2 Rc8 14. O-O Bc5 15.
Nf3 Qb6 16. Nd4 O-O 17. Rab1 Bb5 18. Kf2 Bxe2 19. Kxe2 e5 20. fxe5 Nxe5 21. b4
Bxd4 22. Bxd4 Qe6 23. Kd1 Rc4 24. Bc5 Rxc5 25. bxc5 Nc4 26. Qb4 Re8 27. Qxb7
Qe2+ 28. Kc1 Qd2# 0-1

[Event "DANILO MARTINELLI"]
[Site "http://www.queenalice.com/game.php?id=1634371"]
[Date "2020.11.26"]
[Round "-"]
[White "Metralha"]
[Black "cristianodepaula"]
[Result "0-1"]
[WhiteElo "1353"]
[BlackElo "1361"]

1. e4 c5 2. Nf3 b6 3. d4 Bb7 4. d5 g6 5. Nc3 Bg7 6. Be2 d6 7. O-O h6 8. Be3 Nf6
9. Nd2 O-O 10. Nb3 e5 11. f4 exf4 12. Bxf4 Nbd7 13. Nb5 Nxe4 14. Bxd6 Nxd6 15.
Nxd6 Bxb2 16. Nxb7 Qe7 17. Rb1 Qe3+ 18. Rf2 Ba3 19. d6 c4 20. Bxc4 Rac8 21.
Bxf7+ Rxf7 22. Qf1 Rxc2 23. Re1 Qxf2+ 24. Qxf2 Rfxf2 25. Rf1 Rxg2+ 26. Kh1 Rxh2+
27. Kg1 Rcg2# 0-1